| 000 | 00577nam a2200217Ia 4500 | ||
|---|---|---|---|
| 003 | 0100 | ||
| 005 | 20160725141851.0 | ||
| 008 | 130303s9999 xx 000 0 und d | ||
| 020 | _a9782919144 | ||
| 040 | _cARRUPELIB | ||
| 050 | _aDT515.4.M341996 | ||
| 100 |
_aMbefo, Luke Nnamdi _98139 |
||
| 245 | _aCoping with Nigeria's two-fold heritage | ||
| 260 |
_aOnitsha _c1996 |
||
| 260 | _bSpiritan Publications | ||
| 300 | _axiv | ||
| 300 | _b 159 p.22 cm | ||
| 650 |
_aNigeria _98140 _x Religion and culture |
||
| 700 |
_aLuke Nnamdi Mbefo _98142 |
||
| 942 |
_2lcc _cMONOGRAPH |
||
| 999 |
_c7406 _d7406 |
||